Представление документа в формате MARC21

Поле Инд. ПП Название Значение
Тип записи a
Библиографический уровень m
001 Контрольный номер 1244d6ba-6816-4f54-b9c2-8e52d439c1ff
005 Дата корректировки 20111130173021.7
008 Кодируемые данные 000311 d
020 a ISBN 5-211-02699-3
c Цена, тираж 187-00; 256-00; 290-00; 1300-00; 8000-00; 4675-00
080 a Индекс УДК 334.722
084 a Индекс другой классификации/Индекс ББК У9(2)09я731-1 9
a Индекс другой классификации/Индекс ББК У509я731-1
a Индекс другой классификации/Индекс ББК У809я731-1
090 a Полочн. индекс У9(2)09
x Авторский знак О-75
245 00 a Заглавие Основы предпринимательского дела
b Продолж. заглавия Благород. бизнес: [Учебник]
c Ответственность Анташев В.А., Зотова Е.С.,Кузнецов М.В. и др.; Под рук. и ред. Ю.М.Осипова
260 0_ a Место издания Москва
b Издательство Ассоц. "Гуманит. знание": МП "Тригон"
c Дата издания 1992
300 a Объем 430с.
b Иллюстрации/ тип воспроизводства ил.
500 a Примечание Авт. указаны на контртитуле
504 a Библиография Библиогр.: с.410-423
650 a Основная рубрика Предпринимательство
x Основная подрубрика Учебники для вузов
653 a Ключевые слова Бизнес
a Ключевые слова Предпринимательство
852 t Порядковый номер экземпляра 1
852 p Инвентарный номер №6113 - 7 экз.
t Порядковый номер экземпляра 7
852 p Инвентарный номер №6113
t Порядковый номер экземпляра 2
852 p Инвентарный номер №6113
t Порядковый номер экземпляра 1
954 a Дата поступления на обработку 22.01.93
999 a Подразделение 2 Фил1
a Подразделение 2 ч.з.
a Подразделение 2 Фил3